It looks like you're offline.
Open Library logo
additional options menu

MARC record from Internet Archive

LEADER: 00761nam 2200241 a 4500
001 90080635
003 DLC
005 19910724162017.8
008 900209s1990 nyu 00110 eng
010 $a 90080635
020 $a0374251207 :$c$19.95
040 $aDLC$cDLC
043 $an-us---
050 00 $aE880$b.S645 1990
082 00 $a324.973/0927$220
100 10 $aSimon, Roger,$d1948-
245 10 $aRoad show :$bin America, anyone can become president it's one of the risks we take /$cRoger Simon.
250 $a1st ed.
260 0 $aNew York :$bFarrar, Straus, Giroux,$c1990.
300 $axii, 356 p. ;$c24 cm.
500 $aIncludes index.
650 0 $aPresidents$zUnited States$xElection$y1988.
651 0 $aUnited States$xPolitics and government$y1981-1989.